000 00223nam a2200097Ia 4500
005 20251222114404.0
008 251222s1900||||xx |||||||||||||| ||spa||
082 _aDVD0093/K48
245 0 _aMarketing estratégico:
942 _cDVD
999 _c1775
_d1775